| 000 | 00509nam a2200169 i 4500 | ||
|---|---|---|---|
| 001 | 38568 | ||
| 003 | ES-MaACL | ||
| 005 | 20230906155759.0 | ||
| 007 | t| | ||
| 008 | 030225s1956 sp ||||1| spa d | ||
| 100 | 1 |
_aCaldwell, Taylor. _933645 |
|
| 245 | 1 | 4 |
_aLos insaciables / _cTaylor Caldwell ; [versión española de Rosa S. de Naveira]. |
| 260 |
_aBarcelona : _bExito, _c[1956] ( _fDuplex) |
||
| 300 |
_a499 p. ; _c20 cm. |
||
| 700 | 1 |
_aNaveira, Rosa S. de. _985223 |
|
| 852 |
_aES-MaACL _jC-11393 _bR.38592 |
||
| 999 |
_c38568 _d38568 |
||